| 000 | 00543nam a2200217Ia 4500 | ||
|---|---|---|---|
| 003 | OSt | ||
| 005 | 20230508103349.0 | ||
| 008 | 210423s2011 xx 000 0 und d | ||
| 020 | _a9788181281272 | ||
| 040 | _cAL | ||
| 041 | _aeng | ||
| 082 |
_a537.6 GREW _223 |
||
| 100 |
_aGREINER (Walter);REINHARDT (Joachim). _999809 |
||
| 245 | _aQuantum electrodynamics. | ||
| 250 | _a3 | ||
| 260 |
_aNew York _bSpringer Verlag _c2011 |
||
| 300 |
_axvi,474 _bPB |
||
| 365 |
_b395 _cINR |
||
| 906 | _aelectrodynamics. ; Quantum | ||
| 942 |
_2ddc _cBK |
||
| 999 |
_c162425 _d162425 |
||